Bilanzdelikte

Gespeichert in:  
Bibliographische Detailangaben
VerfasserInnen: Sieben, Günter 1933-2018 (Verfasst von) ; Matschke, Manfred Jürgen 1943- (Verfasst von) ; Neuhäuser, Hans-Jürgen (Verfasst von)
Medienart: Druck Buch
Sprache:Deutsch
Veröffentlicht: Wiesbaden Bundeskriminalamt 1974
In: BKA-Forschungsreihe / hrsg. vom Bundeskriminalamt in Zsarb. mit ... (1)
Jahr: 1974
Bestand in Tübingen:In Tübingen vorhanden.
IFK: S XLIII 1
Verfügbarkeit prüfen: HBZ Gateway
Subito Bestelldienst: Jetzt bestellen.
Schlagwörter:

MARC

LEADER 00000cam a2200000 c 4500
001 1074589793
003 DE-627
005 20260206200405.0
007 tu
008 850101s1974 xx ||||| 00| ||ger c
015 |a 75,B09,0175  |2 dnb 
016 7 |a 750900598  |2 DE-101 
035 |a (DE-627)1074589793 
035 |a (DE-603)07540432X 
035 |a (DE-576)004589793 
035 |a (DE-599)BSZ004589793 
035 |a (OCoLC)04984020 
040 |a DE-627  |b ger  |c DE-627  |e rakwb 
041 |a ger 
084 |a 04a  |2 sdnb 
084 |a PH 8700  |2 rvk  |0 (DE-625)rvk/136515: 
084 |a PH 8000  |2 rvk  |0 (DE-625)rvk/136482: 
084 |a PH 8900  |2 rvk  |0 (DE-625)rvk/136525: 
084 |a PH 3900  |2 rvk  |0 (DE-625)rvk/136092: 
084 |a PH 4310  |2 rvk  |0 (DE-625)rvk/136124: 
084 |a QP 822  |2 rvk  |0 (DE-625)rvk/141945: 
084 |a QP 827  |2 rvk  |0 (DE-625)rvk/141950: 
100 1 |a Sieben, Günter  |d 1933-2018  |0 (DE-588)120398370  |0 (DE-627)080650341  |0 (DE-576)16306797X  |4 aut 
109 |a Sieben, Günter 1933-2018 
245 1 0 |a Bilanzdelikte  |c von Günter Sieben; Manfred Jürgen Matschke; Hans-Jürgen Neuhäuser 
264 1 |a Wiesbaden  |b Bundeskriminalamt  |c 1974 
300 |a 131 S. 
336 |a Text  |b txt  |2 rdacontent 
337 |a ohne Hilfsmittel zu benutzen  |b n  |2 rdamedia 
338 |a Band  |b nc  |2 rdacarrier 
490 1 |a BKA-Forschungsreihe / hrsg. vom Bundeskriminalamt in Zsarb. mit ...  |v 1 
500 |a Literaturverz. S. 115 - 130 
583 1 |a Archivierung/Langzeitarchivierung gewährleistet  |f PEHE  |2 pdager  |5 DE-43 
650 4 |a Bilanzdelikt 
650 4 |a Fallsammlung 
700 1 |a Matschke, Manfred Jürgen  |d 1943-  |0 (DE-588)108493938  |0 (DE-627)502582561  |0 (DE-576)162160755  |4 aut 
700 1 |a Neuhäuser, Hans-Jürgen  |4 aut 
810 2 |a Deutschland  |g Bundesrepublik  |b Bundeskriminalamt  |t BKA-Forschungsreihe / hrsg. vom Bundeskriminalamt in Zsarb. mit ...  |v 1  |9 1  |w (DE-627)129415723  |w (DE-576)014793881  |w (DE-600)189344-0  |x 0174-5433  |7 am 
935 |h HEB  |i 0501 
935 |h HEB  |i 0503 
936 r v |a PH 8700  |b Allgemeines, Theorie, Struktur  |k Rechtswissenschaft  |k Strafrecht, Strafverfahrensrecht, Kriminologie  |k Kriminologie  |k Einzelne Deliktsgruppen  |k Gewaltkriminalität, Gewaltdelikt  |k Allgemeines, Theorie, Struktur  |0 (DE-627)1271675056  |0 (DE-625)rvk/136515:  |0 (DE-576)201675056 
936 r v |a PH 8000  |b Schriftenreihen, Serien, Kongressberichte, Sammelwerke  |k Rechtswissenschaft  |k Strafrecht, Strafverfahrensrecht, Kriminologie  |k Kriminologie  |k Allgemeines  |k Schriftenreihen, Serien, Kongressberichte, Sammelwerke  |0 (DE-627)127212715X  |0 (DE-625)rvk/136482:  |0 (DE-576)20212715X 
936 r v |a PH 8900  |b Wirtschaftskriminalität; Umweltkriminalität  |k Rechtswissenschaft  |k Strafrecht, Strafverfahrensrecht, Kriminologie  |k Kriminologie  |k Einzelne Deliktsgruppen  |k Weitere Deliktsgruppen  |k Wirtschaftskriminalität; Umweltkriminalität  |0 (DE-627)1271793881  |0 (DE-625)rvk/136525:  |0 (DE-576)201793881 
936 r v |a PH 3900  |b Allgemeines  |k Rechtswissenschaft  |k Strafrecht, Strafverfahrensrecht, Kriminologie  |k Strafrecht  |k Straftaten gegen Eigentum und Vermögen  |k Allgemeines  |0 (DE-627)1271739860  |0 (DE-625)rvk/136092:  |0 (DE-576)201739860 
936 r v |a PH 4310  |b Gesamtdarstellungen  |k Rechtswissenschaft  |k Strafrecht, Strafverfahrensrecht, Kriminologie  |k Nebenstrafrecht  |k Wirtschaftsstrafrecht  |k Gesamtdarstellungen  |0 (DE-627)1272237133  |0 (DE-625)rvk/136124:  |0 (DE-576)202237133 
936 r v |a QP 822  |b Grundsätze ordnungsgemäßer Buchführung und Bilanzierung. Inventur  |k Wirtschaftswissenschaften  |k Allgemeine Betriebswirtschaftslehre  |k Aufbauelemente des Unternehmens  |k Rechnungswesen  |k Bilanzen. Jahresabschluss. Buchführung  |k Grundsätze ordnungsgemäßer Buchführung und Bilanzierung. Inventur  |0 (DE-627)1271470799  |0 (DE-625)rvk/141945:  |0 (DE-576)201470799 
936 r v |a QP 827  |b Bilanzanalyse und Bilanzkritik  |k Wirtschaftswissenschaften  |k Allgemeine Betriebswirtschaftslehre  |k Aufbauelemente des Unternehmens  |k Rechnungswesen  |k Bilanzen. Jahresabschluss. Buchführung  |k Bilanzanalyse und Bilanzkritik  |0 (DE-627)1271491818  |0 (DE-625)rvk/141950:  |0 (DE-576)201491818 
936 s n |a p100  |2 mzub 
936 s n |a q100  |2 mzub 
951 |a BO 
ELC |b 1 
LOK |0 000 xxxxxcx a22 zn 4500 
LOK |0 001 2034724798 
LOK |0 003 DE-627 
LOK |0 004 1074589793 
LOK |0 005 20020607000000 
LOK |0 008 960711||||||||||||||||ger||||||| 
LOK |0 040   |a DE-21-110  |c DE-627  |d DE-21-110 
LOK |0 852   |a DE-21-110 
LOK |0 852 1  |c S XLIII 1  |m p  |9 00 
LOK |0 935   |a k110 
LOK |0 936ln  |a 10.5.3 
LOK |0 938   |k p 
LOK |0 939   |a 11-07-96  |b l01 
ORI |a SA-MARC-krimdoka001.raw 
SIG |a IFK: S XLIII 1